LIBRARY & INFORMATION CENTRE, KCAET, TAVANUR

ONLINE PUBLIC ACCESS CATALOGUE (OPAC)

Ketavilakkukal / (Record no. 4802)

MARC details
000 -LEADER
fixed length control field 00428cam a2200181ua 4500
041 ## - LANGUAGE CODE
Language code of text/sound track or separate title mal
082 ## - DEWEY DECIMAL CLASSIFICATION NUMBER
Classification number 894.8121
Item number NAR/KE
100 ## - MAIN ENTRY--AUTHOR NAME
Personal name Narayanan Nair, N P .
245 ## - TITLE STATEMENT
Title Ketavilakkukal /
250 ## - EDITION STATEMENT
Edition statement 3 /
260 ## - PUBLICATION, DISTRIBUTION, ETC. (IMPRINT)
Place of publication :
Name of publisher Saraswathi Press ,
Year of publication 1949.
300 ## - PHYSICAL DESCRIPTION
Number of Pages 124 ; .
942 ## - ADDED ENTRY ELEMENTS (KOHA)
Koha item type Books
Holdings
Withdrawn status Lost status Damaged status Home library Current library Date acquired Full call number Accession Number Koha item type
      KAUAET KAUAET 07/04/2012 894.8121 1522 Books
free website counter